La comunicación empresarial y la gestión de los intangibles en España y Latinoamérica: informe anual / Justo Villafañe (Director) (Registro nro. 7506)
[ vista simple ]
| 000 -LEADER | |
|---|---|
| fixed length control field | 00586nam a22001811a 4500 |
| 001 - CONTROL NUMBER | |
| control field | 7506 |
| 003 - CONTROL NUMBER IDENTIFIER | |
| control field | OSt |
| 005 - DATE AND TIME OF LATEST TRANSACTION | |
| control field | 20260204212134.0 |
| 008 - FIXED-LENGTH DATA ELEMENTS--GENERAL INFORMATION | |
| fixed length control field | 071204s2007||||sp ||||||b||||||||||spa|| |
| 020 ## - NUMERO DE LIBRO INTERNACIONAL NORMALIZADO | |
| International Standard Book Number | 9788483223994 |
| 050 ## - LIBRARY OF CONGRESS CALL NUMBER | |
| Classification number | 658.45 C739e 2007 |
| 245 ## - TÍTULO PROPIAMENTE DICHO: SUBTÍTULO | |
| Title | La comunicación empresarial y la gestión de los intangibles en España y Latinoamérica: informe anual / Justo Villafañe (Director) |
| 264 ## - PRODUCTION, PUBLICATION, DISTRIBUTION, MANUFACTURE, AND COPYRIGHT NOTICE | |
| Place of production, publication, distribution, manufacture | España : Pearson Educación |
| 300 ## - PHYSICAL DESCRIPTION | |
| Extensión | 263 p |
| 650 ## - ASIENTO SECUNDARIO DE MATERIA -- TERMINO TEMÁTICO | |
| Termino Temático Como Elemento de Entrada | Comunicación - Empresas 2.Comunicación - Administración |
| 710 ## - ASIENTO SECUNDARIO -- NOMBRE CORPORATIVO | |
| Corporate name or jurisdiction name as entry element | Villafañe, JustoÌ |
| 942 ## - ADDED ENTRY ELEMENTS (KOHA) | |
| Source of classification or shelving scheme | Dewey Decimal Classification |
| Koha item type | Libros |
| Withdrawn status | Lost status | Source of classification or shelving scheme | Damaged status | Not for loan | Current library | Date acquired | Total Checkouts | Full call number | Barcode | Date last seen | Price effective from | Koha item type |
|---|---|---|---|---|---|---|---|---|---|---|---|---|
| Dewey Decimal Classification | Biblioteca UTECO | 09/09/2019 | 658.45 C739E 2007 | 013808 | 09/09/2019 | 09/09/2019 | Libros | |||||
| Dewey Decimal Classification | Biblioteca UTECO | 09/09/2019 | 658.45 C739E 2007 | 014216 | 09/09/2019 | 09/09/2019 | Libros |
